| 000 | 01347cam a2200229 4500 | ||
|---|---|---|---|
| 001 | L136864 | ||
| 008 | 070228n2007 000 0 eng u | ||
| 020 | _a1846330130 | ||
| 035 | _a(Sirsi) u136864 | ||
| 041 | 0 | _aeng | |
| 050 | 0 | 4 | _a711.52 $2 18 |
| 110 | 2 |
_aCommission for Architecture and the Built Environment _94058 |
|
| 245 |
_aIt's our space _ba guide for community groups working to improve public space _h[electronic resource] |
||
| 260 |
_aLondon _bCABE _c2007 |
||
| 520 | _aOffers advice to those involved in a public space project for the first time. Looks at the need to improve public space, the different types of public space, and the importance of design quality. Breaks down a public space project into four key stages: preparation, design, construction and use. Provides examples of successful community group led outdoor spaces, pointing out lessons from different experiences. Case studies cover London, Glasgow, Cambridgeshire, Cornwall and Manchester. | ||
| 590 | _aKA NTK | ||
| 651 | 4 |
_aEngland _y886- |
|
| 690 | _aENVIRONMENTAL AND LAND CONSULTANCY-PLANNING AND DEVELOPMENT | ||
| 690 | _aBUILT ENVIRONMENT-CONSTRUCTION DESIGN | ||
| 856 | 4 | 0 |
_uhttps://webarchive.nationalarchives.gov.uk/20110118095356/http://www.cabe.org.uk/files/its-our-space.pdf _zView the report free of charge at www.cabe.org.uk... |
| 942 | _n0 | ||
| 999 |
_c106526 _d106526 |
||